Dél-Szlovákia gazdasága a normalizációs időszakban (1969-1989)

Salvato in:
Dettagli Bibliografici
Autore principale: Horbulák, Zsolt, 1972-
Ente Autore: Univerzita Jánosa Selyeho v Komárne
Altri autori: Popély, Árpád, Jobbágy, István
Natura: Libro
Lingua:ungherese
slovacco
Pubblicazione: Komárno Univerzita Jánosa Selyeho v Komárne 2020
Edizione:1. vydanie
Soggetti:
Tags: Aggiungi Tag
Nessun Tag, puoi essere il primo ad aggiungerne!!

MARC

LEADER 00000nam a2200000 4500
001 0269780
005 20240502074228.6
020 |a 978-80-8122-359-4 
041 0 |a hun 
041 0 |a slo 
044 |a SK 
245 1 0 |a Dél-Szlovákia gazdasága a normalizációs időszakban (1969-1989)  |c Zsolt Horbulák ; Lektorok: Árpád Popély, István Jobbágy 
250 |a 1. vydanie 
264 1 |a Komárno  |b Univerzita Jánosa Selyeho v Komárne  |c 2020 
300 |a 203 s. [11 AH] 
610 2 0 |a hospodárstvo regionálne 
610 2 0 |a normalizácia 
610 2 0 |a história 
610 2 0 |a javy sociálne 
610 2 0 |a ukazovatele ekonomické 
610 2 0 |a priemysel 
610 2 0 |a Slovensko 
100 1 |a Horbulák, Zsolt, 1972- 
700 1 |a Popély, Árpád 
700 1 |a Jobbágy, István 
710 2 |a Univerzita Jánosa Selyeho v Komárne